000 00518nam a2200181Ia 4500
005 20250317131213.0
008 008 250317s9999 xx 000 0 eng d
037 _aTextbook
040 _aFMSL
_beng
_cFMSL
041 _aeng
_2eng
084 _aX:321:(SNI) M3
_qFMSL
100 _aBennett P D
245 0 _aConsumer behavior
260 _aNew Delhi
_bNew Delhi, Prentice-Hall
_c1983
300 _a144p
942 _cTB
_hX:321:(SNI) M3
999 _c1267127
_d1267127